00821 2200229 4500001002100000005001700021008004100038035002400079082001700103090002400120111005900144245013100203260011100334300002900445650003200474700001600506700001700522700001600539850001500555985000600570999001500576YOGYA-0209000003014520090227024443.0 ind  0010-020900000030145 a301.36099263 a301.36099263bPro S aPROYEK INVENTARISASI DAN DOKUMENTASI KEBUDAYAAN DAERAH aSosialisasi pada perkampungan miskin daerah Sulawesi TenggaracPenulis Tibe Hafid...[et,al] ; Editor mc. Suprapti, Djenen Bale aJakartabDepartemen Pendidikan dan Kebudayaan Proyek Infentarisasi dan Dokumentasi Kebudayaan Daerahc1987 aix, 152 hlmbilusc23 cm aSosiologi Sulawesi Tenggara aHafid, Tibe aSuprapti, me aBale, Jenen aYOPDYOG(B) a1 aA000006366